| 000 | 00733nam a2200241 a 4500 | ||
|---|---|---|---|
| 008 | |||
| 020 | _a0471972029 (pbk.) | ||
| 049 | _aMAIN | ||
| 090 |
_aQD262 _bTSU |
||
| 100 | 1 | _aTsuji, Jiro. | |
| 245 | 1 | 0 |
_aPalladium reagents and catalysts : _binnovations in organic synthesis / _cJiro Tsuji. |
| 260 |
_aChichester : _bWiley & Sons, _c1996. |
||
| 300 |
_axiv, 560 p. : _bill. ; _c24 cm. |
||
| 504 | _aIncludes bibliographical references. | ||
| 500 | _aIncludes index. | ||
| 650 | 0 |
_aOrganic compounds _xSynthesis. |
|
| 650 | 0 | _aPalladium catalysts. | |
| 907 |
_a.b10057067 _b08-05-12 _c17-04-03 |
||
| 003 | |||
| 005 | 20230123133232.0 | ||
| 040 | _cNUST | ||
| 942 |
_cBOOKS _kQD262 _mTSU |
||
| 999 |
_c145100 _d145100 |
||